[Event "FRA-ch Youth U20 2018"]
[Site "Agen"]
[Date "2018.04.20"]
[Round "7"]
[White "Wojnowski, Natalia"]
[Black "Retailleau, Elise"]
[Result "0-1"]
[WhiteElo "1426"]
[BlackElo "1932"]
[Annotator "NA"]
[PlyCount "66"]
[EventDate "2018.??.??"]
[EventType "swiss"]
[EventCountry "FRA"]
[SourceTitle "playchess.com"]
[Source "ChessBase"]
[SourceQuality "1"]
[TimeControl "5400+30"]

1. e4 {[%emt 0:00:00]} c5 {[%emt 0:00:13]} 2. Nc3 {[%emt 0:00:00]} Nc6 {[%emt 0:00:26]} 3. f4 {[%emt 0:00:00]} g6 {[%emt 0:00:12]} 4. Bc4 {[%emt 0:00:10]} Bg7 {[%emt 0:00:31]} 5. Nf3 {[%emt 0:00:41]} e6 {[%emt 0:00:37]} 6. f5 {[%emt 0:07:07]} Nge7 {[%emt 0:02:09]} 7. fxe6 {[%emt 0:01:02]} dxe6 {[%emt 0:00:22]} 8. O-O {[%emt 0:00:12]} O-O {[%emt 0:00:26] B23: Closed Sicilian: Lines without g3} 9. Qe1 {[%emt 0:01:23]} (9. d3 Nd4 10. Bg5 h6 11. Bh4 g5 12. Bg3 Ng6 13. Nxd4 cxd4 14. Nb5 Be5 15. c3 Bxg3 16. hxg3 dxc3 17. bxc3 Bd7 18. Nd4 {0-1 (28) Al Modiahki,M (2542)-Kuzubov,Y (2699) Riadh 2017}) 9... Nd4 {[%emt 0:06:08]} 10. d3 {[%emt 0:11:44]} Nxc2 {[%emt 0:04:54]} 11. Qh4 {[%emt 0:00:11]} Nxa1 {[%emt 0:02:32]} 12. Bh6 {[%emt 0:00:08]} Nc2 $146 {[%emt 0:08:59]} ({Predecessor:} 12... Nc6 13. Ng5 Bf6 14. Rxf6 Qxf6 15. Bxf8 h5 16. g4 Qf4 {0-1 (16) Sanger,J (1097)-Noble,R (1542) Dundee 2014}) 13. Ng5 {[%emt 0:03:26]} Bxh6 {[%emt 0:03:20]} 14. Qxh6 {[%emt 0:00:07]} Qd4+ {[%emt 0:00:08]} 15. Rf2 {[%emt 0:01:23]} Qg7 {[%emt 0:00:16]} 16. Qxg7+ {[%emt 0:01:15]} Kxg7 {[%emt 0:00:06]} 17. Rxc2 {[%emt 0:00:07]} a6 {[%emt 0:06:14]} 18. Rf2 {[%emt 0:00:42]} Nc6 {[%emt 0:02:09]} 19. Ne2 {[%emt 0:03:23]} h6 {[%emt 0:06:06]} 20. Nf3 {[%emt 0:02:17]} b5 {[%emt 0:02:09]} 21. Bb3 {[%emt 0:02:32]} Rd8 {[%emt 0:01:35]} 22. Nc1 {[%emt 0:04:10]} Nb4 {[%emt 0:04:47]} 23. Ne5 {[%emt 0:00:33]} f6 {[%emt 0:03:53]} 24. Ng4 {[%emt 0:00:50]} f5 {[%emt 0:09:45]} 25. Ne5 $19 {[%emt 0:01:09]} Rd6 {[%emt 0:01:09]} 26. g4 {[%emt 0:03:11]} Ra7 {[%emt 0:04:17]} 27. gxf5 {[%emt 0:01:04]} exf5 {[%emt 0:00:15]} 28. Rg2 {[%emt 0:02:28]} Re7 {[%emt 0:03:26]} 29. a3 {[%emt 0:03:50]} Rxe5 {[%emt 0:04:03]} 30. axb4 {[%emt 0:00:12]} fxe4 {[%emt 0:00:45]} 31. Rf2 {[%emt 0:03:09]} c4 {[%emt 0:04:41]} 32. dxc4 {[%emt 0:01:33]} e3 {[%emt 0:00:18]} 33. Rf1 {[%emt 0:06:34]} Rg5+ {[%emt 0:00:25]} 0-1

[Event "FRA-ch Youth U20 2018"]
[Site "Agen"]
[Date "2018.04.21"]
[Round "8"]
[White "Philippe, Guillaume"]
[Black "Ek, Alexandre"]
[Result "1-0"]
[WhiteElo "2372"]
[BlackElo "2222"]
[Annotator "NA RC"]
[PlyCount "69"]
[EventDate "2018.??.??"]
[EventType "swiss"]
[EventCountry "FRA"]
[SourceTitle "playchess.com"]
[Source "ChessBase"]
[SourceQuality "1"]
[TimeControl "5400+30"]

1. e4 {[%emt 0:00:00]} c5 {[%emt 0:00:07]} 2. a3 {[%emt 0:00:08]} Nc6 {[%emt 0:02:20]} 3. b4 {[%emt 0:01:41]} cxb4 {[%emt 0:04:13]} 4. axb4 {[%emt 0:01:04]} Nxb4 {[%emt 0:03:45]} 5. c3 {[%emt 0:00:45]} Nc6 {[%emt 0:00:21]} 6. d4 {[%emt 0:00:06]} d5 {[%emt 0:00:12]} 7. exd5 {[%emt 0:00:12] B20: Sicilian: Unusual White 2nd moves} Qxd5 {[%emt 0:00:07]} 8. Na3 {[%emt 0:00:16]} Bf5 {[%emt 0:25:01] LiveBook: 3 Games} (8... Qa5 $11) 9. Nb5 {[%emt 0:06:57]} Rc8 {[%emt 0:00:30]} 10. Bf4 {[%emt 0:00:37]} ({White should try} 10. Nxa7 $14 Nxa7 11. Rxa7 e5 12. Nf3 exd4 13. Nxd4 Bd7 14. Nb5 Qxd1+ 15. Kxd1 {1-0 (27) Carlsen,M (2837)-Inarkiev,E (2689) Riadh 2017}) 10... e5 {[%emt 0:04:14]} 11. dxe5 {[%emt 0:07:13]} Qe4+ {[%emt 0:00:13]} 12. Be3 $146 {[%emt 0:01:54]} ({Predecessor:} 12. Ne2 $11 {keeps the balance.} Nxe5 13. Bxe5 Qxe5 14. Nbd4 Bc5 15. Nxf5 Qxf5 {½-½ (56) Karlicek,P (2147)-Vichnar,D (2223) Czechia 2011}) 12... a6 {[%emt 0:22:58]} 13. Nd6+ {[%emt 0:06:09]} Bxd6 $1 {[%emt 0:00:04]} 14. exd6 {[%emt 0:00:06]} Rd8 {[%emt 0:05:32]} 15. Nf3 {[%emt 0:04:53]} Qe6 {[%emt 0:01:51]} 16. Nd4 {[%emt 0:01:59]} Nxd4 {[%emt 0:00:58]} 17. Qxd4 {[%emt 0:00:13]} Nf6 {[%emt 0:01:15]} 18. Rd1 {[%emt 0:00:31]} O-O $1 {[%emt 0:01:14]} 19. Bc4 {[%emt 0:04:46]} Qe4 {[%emt 0:01:26]} 20. f3 {[%emt 0:01:08]} Qxd4 {[%emt 0:00:37]} 21. Rxd4 {[%emt 0:00:06]} b5 {[%emt 0:05:03]} 22. Bd3 {[%emt 0:05:34]} Be6 {[%emt 0:01:42]} 23. Bg5 {[%emt 0:02:30]} Rd7 {[%emt 0:00:48]} 24. Kf2 {[%emt 0:09:52]} Rc8 {[%emt 0:03:05]} 25. Ra1 {[%emt 0:00:43]} Nd5 {[%emt 0:04:59]} 26. Rxa6 {[%emt 0:01:00]} Nxc3 {[%emt 0:04:40]} 27. Bd2 {[%emt 0:00:19]} b4 {[%emt 0:01:45]} 28. Rxb4 {[%emt 0:00:35]} Nd5 {[%emt 0:00:02]} 29. Rd4 {[%emt 0:00:54]} f6 {[%emt 0:04:51]} 30. Bb5 {[%emt 0:00:48]} Rcd8 {[%emt 0:00:30]} 31. Ba5 {[%emt 0:01:39]} Kf7 {[%emt 0:00:53]} 32. Bxd8 {[%emt 0:01:30]} Rxd8 $18 {[%emt 0:00:02]} 33. Bc4 {[%emt 0:00:15]} Ne7 {[%emt 0:01:09]} 34. dxe7 {[%emt 0:00:22]} Rxd4 {[%emt 0:00:08]} 35. Rxe6 {[%emt 0:00:05]} 1-0

[Event "FRA-ch Youth U20 2018"]
[Site "Agen"]
[Date "2018.04.21"]
[Round "8"]
[White "Albaric, Etienne"]
[Black "Pigeat, Alexandre"]
[Result "1-0"]
[WhiteElo "2202"]
[BlackElo "2275"]
[Annotator "NA"]
[PlyCount "77"]
[EventDate "2018.??.??"]
[EventType "swiss"]
[EventCountry "FRA"]
[SourceTitle "playchess.com"]
[Source "ChessBase"]
[SourceQuality "1"]
[TimeControl "5400+30"]

1. e4 {[%emt 0:00:00]} e6 {[%emt 0:00:12]} 2. d4 {[%emt 0:00:00]} d5 {[%emt 0:00:05]} 3. Nd2 {[%emt 0:00:00]} Nf6 {[%emt 0:03:13]} 4. e5 {[%emt 0:00:00]} Nfd7 {[%emt 0:00:16]} 5. Bd3 {[%emt 0:00:00]} c5 {[%emt 0:01:24]} 6. c3 {[%emt 0:00:00]} Nc6 {[%emt 0:00:06]} 7. Ne2 {[%emt 0:00:12]} Qb6 {[%emt 0:00:21]} 8. O-O {[%emt 0:02:51]} cxd4 {[%emt 0:06:14]} 9. cxd4 {[%emt 0:00:01]} Be7 {[%emt 0:01:58] LiveBook: 5 Games} (9... Nxd4 $11 10. Nxd4 Qxd4) 10. Nf3 {[%emt 0:07:36]} f6 {[%emt 0:01:49]} 11. Nf4 {[%emt 0:14:11] C06: French Tarrasch: 3...Nf6 4 e5 Nfd7 5 Bd3 main lines} (11. exf6 Nxf6 12. Nf4 O-O 13. Re1 Bb4 14. Re2 Re8 15. Be3 Bd7 16. Ne5 Re7 17. Rc2 Bd6 18. Nxd7 Nxd7 19. Ne2 Nb4 {0-1 (39) Tiglon,B (2313)-Wheeler,C (2408) Las Vegas 2016}) 11... Nf8 {[%emt 0:03:41]} 12. Nh5 {[%emt 0:14:54]} Rg8 {[%emt 0:01:24]} 13. exf6 {[%emt 0:06:39]} gxf6 {[%emt 0:00:03]} 14. Bh6 {[%emt 0:02:59]} Bd7 $146 {[%emt 0:04:42]} ({Predecessor:} 14... Ng6 15. Re1 Bd7 16. Ng7+ Kf7 17. Nh5 Bd6 18. Ng5+ fxg5 {1-0 (26) Guerra Tulcan,L (2254)-Gandoy Martinez,P (1783) Ourense 2007}) 15. Ng7+ {[%emt 0:04:14]} Kd8 {[%emt 0:06:27]} 16. Nh5 {[%emt 0:07:14]} (16. Bc2 $14) 16... Ng6 {[%emt 0:07:04]} (16... Nxd4 $11 17. Bg7 Nxf3+ 18. Qxf3 f5) 17. Be3 {[%emt 0:05:45]} Qc7 {[%emt 0:03:00]} (17... Kc7 $14) 18. Rc1 {[%emt 0:05:33]} Qd6 {[%emt 0:00:55]} 19. Re1 {[%emt 0:03:28]} b6 {[%emt 0:03:41]} 20. Qb3 {[%emt 0:05:10]} Be8 {[%emt 0:07:31]} 21. Bb5 {[%emt 0:02:54]} Na5 {[%emt 0:01:24]} 22. Qa4 {[%emt 0:00:40]} Nh4 {[%emt 0:04:36]} 23. Nxh4 {[%emt 0:09:04]} Bxh5 {[%emt 0:00:16]} 24. Bd2 {[%emt 0:01:13]} Nc4 {[%emt 0:14:09]} 25. Bxc4 {[%emt 0:00:48]} f5 {[%emt 0:13:36]} 26. Be2 {[%emt 0:00:58]} Be8 {[%emt 0:03:21]} 27. Bb5 {[%emt 0:01:49]} Bxh4 {[%emt 0:00:24]} 28. Bxe8 {[%emt 0:01:18]} Rxe8 {[%emt 0:00:02]} 29. Rc6 {[%emt 0:01:05]} Qd7 {[%emt 0:01:17]} 30. Bf4 {[%emt 0:00:44]} Be7 {[%emt 0:03:43]} 31. Bc7+ {[%emt 0:00:33]} Qxc7 {[%emt 0:02:14]} 32. Rxc7 {[%emt 0:00:01]} Kxc7 {[%emt 0:00:01]} 33. Rxe6 {[%emt 0:01:58]} Rac8 {[%emt 0:03:46]} 34. Qxa7+ {[%emt 0:00:22]} Kd8 {[%emt 0:00:01]} 35. g3 {[%emt 0:00:25]} f4 {[%emt 0:01:54]} 36. Qb7 {[%emt 0:01:11]} fxg3 {[%emt 0:03:03]} 37. Qxd5+ {[%emt 0:00:25]} Kc7 {[%emt 0:00:11]} 38. Qc6+ {[%emt 0:00:58]} Kd8 {[%emt 0:00:02]} 39. Rd6+ {[%emt 0:00:24]} 1-0

[Event "FRA-ch Youth U20 2018"]
[Site "Agen"]
[Date "2018.04.21"]
[Round "8"]
[White "Haussernot, Cecile"]
[Black "Guigue, Marie-Celine"]
[Result "1/2-1/2"]
[WhiteElo "2165"]
[BlackElo "1288"]
[Annotator "NA"]
[PlyCount "123"]
[EventDate "2018.??.??"]
[EventType "swiss"]
[EventCountry "FRA"]
[SourceTitle "playchess.com"]
[Source "ChessBase"]
[SourceQuality "1"]
[TimeControl "5400+30"]

1. e4 {[%emt 0:00:00]} e5 {[%emt 0:00:06]} 2. Nf3 {[%emt 0:00:00]} Nc6 {[%emt 0:00:05]} 3. d4 {[%emt 0:00:00]} exd4 {[%emt 0:02:46]} 4. Nxd4 {[%emt 0:00:00]} Qf6 {[%emt 0:00:06]} 5. Nxc6 {[%emt 0:02:09]} Bc5 {[%emt 0:00:12]} 6. Qf3 {[%emt 0:01:11]} dxc6 {[%emt 0:00:55]} 7. Nc3 {[%emt 0:00:21] C45: Scotch Game} Be6 {[%emt 0:00:38]} 8. Qg3 {[%emt 0:00:46]} O-O-O {[%emt 0:01:01]} 9. Bd3 {[%emt 0:00:15]} (9. Be3 Bxe3 10. Qxe3 Kb8 11. f4 Qe7 12. Bd3 Nh6 13. O-O-O f6 14. g3 Nf7 {½-½ (29) Nepomniachtchi,I (2766)-Carlsen,M (2851) Leuven 2017}) 9... h5 $146 {[%emt 0:07:30]} ({Predecessor:} 9... Qg6 10. Bf4 Qxg3 11. Bxg3 Nf6 12. Bh4 Bd4 13. O-O-O Ng4 14. Rdf1 f6 {0-1 (29) Nikolovski,N (2420)-Erdos,V (2624) Antalya 2017}) 10. h4 {[%emt 0:01:08]} Bd6 {[%emt 0:07:33]} 11. f4 {[%emt 0:02:20]} Bb4 {[%emt 0:05:30]} 12. Bd2 {[%emt 0:01:25]} g6 {[%emt 0:01:41]} ({Black should try} 12... Bg4 $15) 13. a3 {[%emt 0:00:29]} Ba5 {[%emt 0:03:40]} 14. O-O-O {[%emt 0:00:25]} Nh6 {[%emt 0:03:44]} 15. Rhf1 {[%emt 0:04:02]} Qg7 {[%emt 0:05:09]} (15... Bg4 $11 {keeps the balance.}) 16. f5 {[%emt 0:04:50]} Bd7 {[%emt 0:00:16]} 17. Kb1 {[%emt 0:01:31]} ({Better is} 17. Qg5 $16 Bb6 18. e5) 17... Ng4 $1 {[%emt 0:01:44]} 18. f6 Qf8 {[%emt 0:01:17]} 19. Nd5 {[%emt 0:03:02]} cxd5 {[%emt 0:03:16]} 20. Bxa5 {[%emt 0:00:07]} Qc5 {[%emt 0:05:03]} 21. Bb4 {[%emt 0:00:34]} Qe3 {[%emt 0:02:07]} 22. Rf3 {[%emt 0:00:14]} Qb6 {[%emt 0:01:03]} 23. exd5 {[%emt 0:00:15]} Nxf6 {[%emt 0:04:34]} 24. Bc3 {[%emt 0:01:45]} Nxd5 {[%emt 0:05:33]} 25. Bxh8 {[%emt 0:00:07]} Rxh8 {[%emt 0:00:14]} 26. Be4 {[%emt 0:00:46]} Nf6 {[%emt 0:03:14]} 27. Qe5 {[%emt 0:02:17]} Re8 {[%emt 0:01:34]} 28. Qxf6 {[%emt 0:00:11]} Qxf6 {[%emt 0:00:29]} 29. Rxf6 {[%emt 0:00:04]} Rxe4 {[%emt 0:00:36]} 30. Rxf7 {[%emt 0:00:05]} Bc6 {[%emt 0:02:03]} 31. Rg7 {[%emt 0:00:34]} Re6 {[%emt 0:02:32]} 32. Rf1 Be8 {[%emt 0:02:12]} 33. Rf3 {[%emt 0:01:00]} Kd8 {[%emt 0:01:43]} 34. Rd3+ {[%emt 0:00:04]} Kc8 {[%emt 0:00:16]} 35. Rc3 {[%emt 0:00:06]} Bc6 {[%emt 0:01:11]} 36. b4 $18 {[%emt 0:00:24]} a6 {[%emt 0:00:44]} 37. a4 {[%emt 0:02:52]} b5 {[%emt 0:01:02]} 38. axb5 {[%emt 0:00:29]} axb5 {[%emt 0:00:05]} 39. Rc5 {[%emt 0:00:48]} Kb7 {[%emt 0:00:56]} 40. Kc1 {[%emt 0:00:37]} Rd6 {[%emt 0:01:22]} 41. g3 {[%emt 0:02:07]} Kb6 {[%emt 0:03:02]} 42. Re5 {[%emt 0:00:24]} Bd5 {[%emt 0:03:14]} 43. Ree7 {[%emt 0:01:06]} c5 {[%emt 0:02:56]} 44. Rd7 {[%emt 0:01:53]} Rxd7 {[%emt 0:00:35]} 45. Rxd7 {[%emt 0:00:02]} Kc6 {[%emt 0:00:19]} 46. Rg7 {[%emt 0:00:02]} Be4 {[%emt 0:00:21]} 47. bxc5 {[%emt 0:01:07]} Kxc5 {[%emt 0:00:16]} 48. Kd2 {[%emt 0:01:21]} Bf5 {[%emt 0:05:11]} 49. Ke3 {[%emt 0:00:15]} Kd5 {[%emt 0:04:01]} 50. c3 {[%emt 0:00:13]} Kc4 {[%emt 0:00:47]} 51. Rc7+ {[%emt 0:00:02]} Kd5 {[%emt 0:00:28]} 52. Kf4 {[%emt 0:00:38]} Kd6 {[%emt 0:01:42]} 53. Rf7 {[%emt 0:04:05]} Kc5 {[%emt 0:02:57]} 54. Ke5 {[%emt 0:00:11]} Kc4 {[%emt 0:00:50]} 55. Rc7+ {[%emt 0:00:03]} Kb3 {[%emt 0:01:19]} 56. Rc5 {[%emt 0:01:16]} Bd3 {[%emt 0:01:44]} 57. Kd4 {[%emt 0:00:34]} Bc4 {[%emt 0:01:12]} 58. Rc6 {[%emt 0:00:09]} Bf7 {[%emt 0:00:32]} 59. Rf6 {[%emt 0:00:08]} Be8 {[%emt 0:00:25]} 60. Re6 {[%emt 0:00:02]} Bf7 {[%emt 0:00:11]} 61. Re7 {[%emt 0:00:02]} Bc4 {[%emt 0:00:53]} 62. Rg7 {[%emt 0:00:01]} 1/2-1/2

[Event "FRA-ch Youth U20 2018"]
[Site "Agen"]
[Date "2018.04.21"]
[Round "8"]
[White "Laronche, Thomas"]
[Black "Meunier, Clement"]
[Result "1/2-1/2"]
[WhiteElo "2137"]
[BlackElo "2370"]
[Annotator "NA RC"]
[PlyCount "166"]
[EventDate "2018.??.??"]
[EventType "swiss"]
[EventCountry "FRA"]
[SourceTitle "playchess.com"]
[Source "ChessBase"]
[SourceQuality "1"]
[TimeControl "5400+30"]

1. e4 {[%emt 0:00:00]} e6 {[%emt 0:02:22]} 2. d4 {[%emt 0:00:32]} d5 {[%emt 0:00:01]} 3. exd5 {[%emt 0:00:36]} exd5 {[%emt 0:00:03]} 4. Bd3 {[%emt 0:00:05]} Nc6 {[%emt 0:02:28]} 5. c3 {[%emt 0:00:17]} Bd6 {[%emt 0:00:29]} 6. Ne2 {[%emt 0:02:35]} Nge7 {[%emt 0:00:38]} 7. Bf4 {[%emt 0:05:22]} Bg4 {[%emt 0:07:45] LiveBook: 18 Games} 8. f3 {[%emt 0:02:45] C01: French: Exchange Variation} (8. Qd2 Bxe2 9. Bxe2 O-O 10. O-O Ng6 11. Bxd6 Qxd6 12. g3 {½-½ (12) Markovic,M (2458)-Sedlak,N (2538) Valjevo 2012}) 8... Bxf4 {[%emt 0:01:24]} 9. Nxf4 {[%emt 0:00:24]} Qd6 {[%emt 0:00:10]} 10. fxg4 $146 {[%emt 0:07:53]} ({Predecessor:} 10. Qd2 Bf5 11. Na3 O-O-O 12. O-O-O Rhe8 13. g3 g5 14. Bxf5+ Nxf5 15. Nd3 Qf6 {½-½ (60) Palermo,S (2048)-Vuelban,V (2356) Frascati 2009}) 10... Qxf4 {[%emt 0:00:36]} 11. Nd2 {[%emt 0:00:07]} O-O-O {[%emt 0:03:31]} 12. Qf3 {[%emt 0:00:40]} Qxf3 {[%emt 0:00:54]} 13. gxf3 {[%emt 0:00:26]} (13. Nxf3 $16 f6 14. O-O) 13... Ng6 {[%emt 0:00:01]} 14. Bf5+ {[%emt 0:01:31]} Kb8 {[%emt 0:00:01]} 15. Bxg6 {[%emt 0:17:50]} hxg6 {[%emt 0:00:04]} 16. h4 {[%emt 0:00:04]} Rde8+ {[%emt 0:00:48]} 17. Kf2 {[%emt 0:00:44]} Nd8 {[%emt 0:00:01]} 18. Kg3 {[%emt 0:00:51]} (18. Nb3 $11) 18... Re2 {[%emt 0:00:20]} 19. Rad1 {[%emt 0:02:04]} g5 {[%emt 0:01:41]} 20. h5 {[%emt 0:00:08]} Ne6 {[%emt 0:00:25]} 21. Rhe1 {[%emt 0:02:04]} Nf4 {[%emt 0:00:29]} 22. Rxe2 {[%emt 0:00:19]} Nxe2+ {[%emt 0:00:02]} 23. Kf2 {[%emt 0:00:15]} Nf4 {[%emt 0:00:01]} 24. Nf1 {[%emt 0:00:36]} g6 {[%emt 0:01:24]} 25. hxg6 {[%emt 0:05:56]} fxg6 {[%emt 0:00:26]} 26. Rd2 {[%emt 0:01:59]} Rh1 {[%emt 0:01:24]} 27. Ne3 {[%emt 0:09:40]} c6 {[%emt 0:08:58]} 28. Ng2 {[%emt 0:02:24]} Kc7 {[%emt 0:00:17]} 29. Kg3 {[%emt 0:03:51]} Rg1 {[%emt 0:02:47]} 30. Kh2 {[%emt 0:00:34]} Ra1 {[%emt 0:00:10]} 31. a3 {[%emt 0:01:48]} a5 {[%emt 0:02:34]} 32. Nxf4 {[%emt 0:01:01]} gxf4 {[%emt 0:00:10]} 33. g5 {[%emt 0:00:02]} Kd7 {[%emt 0:02:06]} 34. Re2 {[%emt 0:01:31]} a4 {[%emt 0:00:53]} 35. Kg2 {[%emt 0:03:47]} Rb1 {[%emt 0:00:41]} 36. Kh2 {[%emt 0:00:29]} b6 {[%emt 0:00:13]} 37. Kg2 {[%emt 0:01:51]} c5 {[%emt 0:00:44]} 38. Rd2 {[%emt 0:02:44]} Kd6 {[%emt 0:01:35]} 39. Kh2 {[%emt 0:01:05]} Re1 {[%emt 0:02:13]} 40. Kg2 {[%emt 0:00:23]} Kc6 {[%emt 0:11:20]} 41. Kh2 {[%emt 0:02:28]} Rc1 {[%emt 0:14:11]} 42. Kg2 {[%emt 0:00:25]} Kd6 {[%emt 0:00:08]} 43. Kh2 {[%emt 0:00:15]} Ra1 {[%emt 0:00:03]} 44. Kg2 {[%emt 0:00:04]} Re1 {[%emt 0:00:05]} 45. Kh2 {[%emt 0:00:08]} Ke6 {[%emt 0:00:12]} 46. Kg2 {[%emt 0:00:47]} c4 {[%emt 0:21:09]} 47. Kf2 {[%emt 0:06:07]} Re3 {[%emt 0:00:37]} 48. Rd1 {[%emt 0:00:18]} Kf5 {[%emt 0:00:02]} 49. Rh1 {[%emt 0:02:07]} b5 {[%emt 0:12:45]} 50. Rh8 {[%emt 0:01:27]} b4 {[%emt 0:00:06]} 51. axb4 {[%emt 0:01:00]} a3 {[%emt 0:00:00]} 52. bxa3 {[%emt 0:00:25]} Rxc3 $11 {[%emt 0:00:01]} 53. a4 {[%emt 0:05:27]} Rc2+ {[%emt 0:00:01]} 54. Ke1 {[%emt 0:00:31]} c3 {[%emt 0:04:12]} 55. Rc8 {[%emt 0:00:35]} Rb2 {[%emt 0:00:45]} 56. b5 {[%emt 0:00:30]} Rb4 {[%emt 0:00:05]} 57. Rxc3 {[%emt 0:01:49]} Rxa4 {[%emt 0:00:00]} 58. Rb3 {[%emt 0:00:14]} Ra7 {[%emt 0:00:04]} 59. b6 {[%emt 0:00:04]} Rb7 {[%emt 0:00:00]} 60. Rb5 {[%emt 0:00:12]} Ke6 {[%emt 0:00:33]} 61. Kd2 {[%emt 0:00:19]} Kd6 {[%emt 0:00:11]} 62. Kd3 {[%emt 0:00:03]} Kc6 {[%emt 0:00:40]} 63. Rc5+ {[%emt 0:00:53]} Kd6 {[%emt 0:00:01]} 64. Rc8 {[%emt 0:01:35]} Rxb6 {[%emt 0:00:01]} 65. Rf8 {[%emt 0:00:07]} Rb3+ {[%emt 0:01:08]} 66. Ke2 {[%emt 0:00:04]} Rb2+ {[%emt 0:00:04]} 67. Kf1 {[%emt 0:00:18]} Rd2 {[%emt 0:01:49]} 68. Rxf4 {[%emt 0:00:08]} Ke7 {[%emt 0:00:04]} 69. Rf6 {[%emt 0:00:41]} Rxd4 {[%emt 0:00:04]} 70. Rxg6 {[%emt 0:00:06]} Rd2 {[%emt 0:00:05]} 71. f4 {[%emt 0:01:38]} d4 {[%emt 0:00:28]} 72. Ke1 {[%emt 0:00:15]} Rg2 {[%emt 0:00:35]} 73. Ra6 {[%emt 0:00:09]} Rg4 {[%emt 0:00:42]} 74. Rf6 {[%emt 0:00:14]} Rg2 {[%emt 0:00:02]} 75. Kf1 {[%emt 0:01:22]} d3 {[%emt 0:00:17]} 76. Ke1 {[%emt 0:00:15]} Re2+ {[%emt 0:00:39]} 77. Kd1 {[%emt 0:00:07]} Rg2 {[%emt 0:00:03]} 78. Ra6 {[%emt 0:00:07]} Rf2 {[%emt 0:00:17]} 79. Ra4 {[%emt 0:05:37]} Ke6 {[%emt 0:00:32]} 80. Rd4 {[%emt 0:00:22]} d2 {[%emt 0:02:16]} 81. g6 {[%emt 0:01:07]} Kf6 {[%emt 0:00:13]} 82. Rd6+ {[%emt 0:00:10]} Kg7 {[%emt 0:00:09]} 83. Rxd2 {[%emt 0:00:15]} Rxf4 {[%emt 0:00:01]} 1/2-1/2

[Event "FRA-ch Youth U20 2018"]
[Site "Agen"]
[Date "2018.04.21"]
[Round "8"]
[White "Afraoui, Anaelle"]
[Black "Barseghyan, Harutyun"]
[Result "0-1"]
[WhiteElo "2073"]
[BlackElo "2464"]
[Annotator "TA"]
[PlyCount "56"]
[EventDate "2018.??.??"]
[EventType "swiss"]
[EventCountry "FRA"]
[SourceTitle "playchess.com"]
[Source "ChessBase"]
[SourceQuality "1"]

{[%evp 18,56,199,196,202,192,217,114,143,139,358,343,310,174,290,207,198,210,216,191,182,0,-4,-159,-168,-232,-114,-787,-794,-796,-772,-827,-826,-829,-805,-817,-765,-914,-898,-1021,-981]} 1. e4 g6 2. d4 Bg7 3. Nc3 c6 4. Be3 d6 5. Qd2 b5 6. Nf3 a6 7. Bd3 Nd7 8. a4 {B06: Modern Defence} Bb7 9. O-O e5 (9... b4 10. Ne2 c5 11. c3 Ngf6 12. Bh6 O-O 13. Ng3 c4 14. Bxg7 Kxg7 15. Bxc4 bxc3 16. Qxc3 Nxe4 17. Nxe4 Bxe4 18. d5+ {½-½ (18) Fedorchuk,S (2638)-Granda Zuniga,J (2675) LLucmajor 2014}) 10. axb5 {LiveBook: 3 Games. White is clearly better.} axb5 11. d5 {[#] aiming for Rxa8.} Rb8 $146 ({Predecessor:} 11... cxd5 12. Nxd5 Ngf6 13. Nxf6+ Nxf6 14. Bxb5+ Ke7 15. Qb4 {1-0 (27) Geurink,J (2300)-Hennig,D (2428) Netherlands 2000}) 12. Be2 (12. Ba7 $18) 12... cxd5 13. Nxb5 d4 $2 (13... Ndf6 $16 {might work better.}) 14. Nxd6+ $18 Kf8 15. Bg5 (15. Ng5 $142) 15... f6 (15... Ngf6 {was worth a try.} 16. Qb4 Bxe4) 16. Bc4 Qc7 17. Qb4 Bxe4 18. Qa3 Bxf3 {[#]} 19. gxf3 $2 ({White has to play} 19. Bd2 $1 $18 Nb6 20. Nb5+ (20. gxf3 Nxc4 21. Nxc4+ Ne7 $14) 20... Qe7 21. Bb4 Nxc4 22. Bxe7+ Nxe7 23. Qb4 (23. Qxf3 Rxb5 24. Ra7 Rb8 $18)) 19... fxg5 $11 20. Ne4+ $2 (20. Bxg8 $1 $11 Rxg8 21. Ne4+ Ke8 22. Nd6+ Ke7 23. Nf5+ Ke6 24. Qe7+ Kxf5 25. Ra6) 20... Ne7 $17 21. Qa6 (21. Be6 $142) 21... Nb6 (21... Rb6 $19 {is more deadly.} 22. Qa8+ Nc8) 22. Nxg5 $2 {[%mdl 8192]} (22. Bb3 $17) 22... Qxc4 $19 {Black is clearly winning.} 23. Qa7 Qc8 24. Ne6+ Qxe6 25. Qxb8+ Kf7 26. Qb7 Nbd5 27. Ra7 Rc8 28. Rfa1 Rxc2 {Precision: White = 21%, Black = 47%.} 0-1